[Event "Preinscritos IRT Online"]
[Site "Chess.com INT"]
[Date "2020.12.26"]
[Round "11"]
[White "Landi Fajardo, Gustavo Enrique"]
[Black "Cuaical Benavides, Dana Mirtha"]
[Result "0-1"]
[WhiteElo "1020"]
[BlackElo "892"]
[PlyCount "90"]
[EventDate "2020.12.26"]
[EventType "swiss"]
[EventRounds "11"]
[EventCountry "ECU"]
[SourceTitle "CBM 200 Extra"]
[Source "ChessBase"]
[SourceDate "2021.03.31"]
[SourceVersion "1"]
[SourceVersionDate "2021.03.31"]
[SourceQuality "1"]

1. e4 e5 2. Nf3 Nc6 3. Bc4 Nf6 4. d3 d6 5. Nc3 Be6 6. Bxe6 fxe6 7. Bg5 Be7 8. d4 0-0 9. dxe5 Nxe5 10. Nxe5 dxe5 11. Qf3 h6 12. Bxf6 Rxf6 13. Qg3 Qd7 14. Rd1 Qc6 15. Qxe5 Rd8 16. 0-0 Rxd1 17. Rxd1 Qe8 18. Ne2 Qg6 19. Ng3 b6 20. Qxc7 Bc5 21. Rd8+ Rf8 22. Rxf8+ Kxf8 23. Qc8+ Kf7 24. Qb7+ Kf6 25. Qxa7 Qg5 26. Qa4 Qf4 27. h3 Qxf2+ 28. Kh2 Qf4 29. h4 Bd6 30. Qb3 Qxh4+ 31. Kg1 Bxg3 32. Qc3+ Kg6 33. Qf3 Qh2+ 34. Kf1 Qh1+ 35. Ke2 Qe1+ 36. Kd3 Be5 37. Qg4+ Kh7 38. Qh5 Qg3+ 39. Kd2 Qf2+ 40. Kd3 Qd4+ 41. Ke2 Bf4 42. Kf1 Bg3 43. Ke2 Qf2+ 44. Kd3 g6 45. Qb5 Qf1+ 0-1

[Event "Preinscritos IRT Online"]
[Site "Chess.com INT"]
[Date "2020.12.26"]
[Round "2"]
[White "Pauta Cuenca, Luis Mateo"]
[Black "Landi Fajardo, Gustavo Enrique"]
[Result "1-0"]
[WhiteElo "1578"]
[BlackElo "1020"]
[PlyCount "45"]
[EventDate "2020.12.26"]
[EventType "swiss"]
[EventRounds "11"]
[EventCountry "ECU"]
[SourceTitle "CBM 200 Extra"]
[Source "ChessBase"]
[SourceDate "2021.03.31"]
[SourceVersion "1"]
[SourceVersionDate "2021.03.31"]
[SourceQuality "1"]

1. e4 c6 2. d4 d5 3. e5 Bf5 4. h4 Nd7 5. g4 Be6 6. f4 f6 7. f5 Bf7 8. e6 Bxe6 9. fxe6 Nb8 10. Nc3 Qd6 11. Qe2 Qg3+ 12. Kd1 Qd6 13. Nf3 Nh6 14. Bxh6 gxh6 15. Bh3 Rg8 16. Re1 Qg3 17. Qg2 Rxg4 18. Rg1 Qxg2 19. Rxg2 Rf4 20. Ke2 h5 21. Rg8 Na6 22. Rag1 Nb4 23. Ke3 1-0